| 000 | 01099nam a22002897a 4500 | ||
|---|---|---|---|
| 005 | 20240530110457.0 | ||
| 008 | 150614s2011 ua g 000 0 ara d | ||
| 017 |
_a2010/17217 _bمصر . دار الكتب المصرية |
||
| 040 | _aEG-CaGPL | ||
| 082 | 0 | 4 |
_221 _a953.071\ _bش خ |
| 100 | 0 | _aشكيب ارسلان . | |
| 245 | 1 | 0 |
_aخاتمة تاريخ العرب فى الاندلس / _cتاليف شكيب ارسلان ؛ اعتنى به وقدم له سعيد ابراهيم . |
| 250 | _aط1. | ||
| 260 |
_aالقاهرة : _bمكتبة النافذة ، _c2011 . |
||
| 300 |
_a255 ص ؛ _c24 سم . |
||
| 490 | 0 |
_aاندلسيات _v2 |
|
| 650 | 0 | 4 | _aقصر الحمراء . |
| 650 | 0 | 4 | _aواقعة العقاب . |
| 650 | 0 | 4 | _aواقعة الارك . |
| 650 | 0 | 4 | _aموقعة الزلاقة . |
| 650 | 0 | 4 | _aسقوط الاندلس . |
| 651 | 0 | 4 |
_aغرناطة _xتاريخ . |
| 651 | 0 | 4 |
_aالاندلس _xتاريخ _yالخلفاء المرابطون . |
| 700 | 0 |
_aسعيد ابراهيم _eمقدم . |
|
| 942 |
_2ddc _cBK |
||
| 999 |
_c61381 _d61381 |
||